Internatiional business : (Record no. 11426)
[ view plain ]
| 000 -LEADER | |
|---|---|
| fixed length control field | 00684nam a22002172 4500 |
| 001 - CONTROL NUMBER | |
| control field | 0000021321 |
| 005 - DATE AND TIME OF LATEST TRANSACTION | |
| control field | 20151217154454.0 |
| 008 - FIXED-LENGTH DATA ELEMENTS--GENERAL INFORMATION | |
| fixed length control field | 120314s xx 000 0 eng d |
| 020 ## - INTERNATIONAL STANDARD BOOK NUMBER | |
| International Standard Book Number | 8120330962 : |
| 040 ## - CATALOGING SOURCE | |
| Original cataloging agency | KABU |
| Transcribing agency | KABU |
| 100 1# - MAIN ENTRY--PERSONAL NAME | |
| Personal name | Cherunilam, Francis. |
| -- | 0000151459 |
| 245 10 - TITLE STATEMENT | |
| Title | Internatiional business : |
| Remainder of title | text and cases / |
| Statement of responsibility, etc. | Francis Cherunilam. |
| 250 ## - EDITION STATEMENT | |
| Edition statement | 4th rev. ed. |
| 260 ## - PUBLICATION, DISTRIBUTION, ETC. (IMPRINT) | |
| Place of publication, distribution, etc. | New Delhi : |
| Name of publisher, distributor, etc. | PHI, |
| Date of publication, distribution, etc. | 2007. |
| 300 ## - PHYSICAL DESCRIPTION | |
| Extent | xxiii, 848 p. |
| 650 #0 - SUBJECT ADDED ENTRY--TOPICAL TERM | |
| Topical term or geographic name as entry element | International business enterprise |
| General subdivision | Management. |
| -- | 0000150909 |
| 651 #0 - SUBJECT ADDED ENTRY--GEOGRAPHIC NAME | |
| Geographic name | International trade. |
| -- | 0000169692 |
| 852 1# - LOCATION | |
| -- | p4650 KES |
| 908 ## - PUT COMMAND PARAMETER (RLIN) | |
| Put command parameter | 120314 |
| 950 ## - LOCAL HOLDINGS (RLIN) | |
| -- | 1 |
| Withdrawn status | Lost status | Source of classification or shelving scheme | Not for loan | Home library | Current library | Date acquired | Total Checkouts | Full call number | Barcode | Date last seen | Date last checked out | Copy number | Price effective from | Koha item type |
|---|---|---|---|---|---|---|---|---|---|---|---|---|---|---|
| Library of Congress Classification | Kabarak, Main Campus | Kabarak, Main Campus | 17/12/2015 | 1 | HD62.4 .C44 2007 c. 1 | 20752 | 02/08/2024 | 15/07/2016 | C.1 | 17/12/2015 | General Collection |